000 01094mam a2200313 a 4500
001 391448
005 20180424163723.0
008 970512s1997 gau b 000 0 eng
010 _a 97021732
020 _a0788503642
035 _a(OCoLC)36949884
035 _a(OCoLC)ocm36949884
040 _aDLC
_cDLC
049 _aPTSS
100 1 _aWilley, Patricia Tull,
_d1955-
245 1 0 _aRemember the former things :
_bthe recollection of previous texts in Second Isaiah /
_cPatricia Tull Willey.
260 _aAtlanta, Georgia :
_bScholars Press,
_cc1997.
300 _axi, 297 p. ;
_c23 cm.
336 _atext
337 _aunmediated
338 _avolume
490 _aDissertation series / Society of Biblical Literature ;
_vno. 161
502 _aThesis (Ph.D.) -- Emory University, 1996.
504 _aIncludes bibliographical references (p. 281-297).
630 0 0 _aBible.
_pO.T.
_pIsaiah XL-LV
_xCriticism, interpretation, etc.
650 0 _aIntertextuality in the Bible.
830 0 _aDissertation series (Society of Biblical Literature) ;
_vno. 161.
942 _2lcc
_cBK
999 _c41577
_d41577